000 00299nam a22001097a 4500
008 160506b xxu||||| |||| 00| 0 eng d
020 _a0810910543
041 _aeng
080 _a61
245 _aMedicine an illustrated history:
_cBy Albert S. Lyons M. D; R.Joseph Petrucelli LL.M.D;
942 _2udc
_cBK
999 _c1875
_d1875